|
|
|
|
| LEADER |
00000cam a2200000 7i4500 |
| 001 |
0000006567 |
| 002 |
000007084 |
| 005 |
20000330.0 |
| 020 |
|
|
|a 9836219315
|
| 090 |
0 |
0 |
|a F
|b NAR
|
| 100 |
0 |
|
|a Narizah Samat
|
| 245 |
1 |
0 |
|a Pantai kebenaran
|c Narizah Samat
|
| 260 |
|
|
|a Kuala Lumpur :
|b DBP ,
|c 1991
|
| 300 |
|
|
|a 203 p. ;
|c 18 cm.
|
| 650 |
0 |
0 |
|a Short stories, Malay
|
| 999 |
|
|
|a 039849
|b BUKU
|c PINJAMAN
|e PERPUSTAKAAN KOMUNITI PETALING JAYA
|
| 999 |
|
|
|a 039850
|b BUKU
|c PINJAMAN
|e PERPUSTAKAAN KOMUNITI PETALING JAYA
|
| 999 |
|
|
|a 053956
|b BUKU
|c FICTION
|e PERPUSTAKAAN KOMUNITI CAW KOTA DAMANSARA
|